You're On Your Own, Kid lyrics - Statistics

General Stats
  • This quiz has been taken 193 times
  • The average score is 247 of 298
Answer Stats
Lyrics % Correct
a
99%
you
99%
You
99%
he
98%
to
98%
I
97%
on
97%
the
97%
The
97%
your
97%
you're
97%
You're
97%
be
96%
kid
96%
own,
96%
always
94%
by
94%
and
93%
as
93%
have
93%
my
93%
My
93%
ashes
92%
been
92%
From
92%
from
92%
away
91%
So
91%
it
90%
me
90%
there
90%
fireplace
89%
friends
89%
in
88%
make
88%
no
88%
of
88%
party
88%
this
88%
body
87%
best
85%
for
85%
we're
85%
were
85%
blood,
84%
blood
84%
not
84%
just
83%
Summer
83%
take
83%
Take
83%
with
83%
can
82%
face
82%
stay
82%
went
82%
know
81%
money
81%
see
81%
splashes
81%
took
81%
what
81%
don't
80%
dream
80%
sweat,
80%
tears
80%
wait
80%
he's
79%
hosted
79%
It's
79%
it's
79%
say
79%
starved
79%
home
78%
parties
78%
saved
78%
Still,
78%
that
78%
them
78%
hear
76%
kiss
76%
perfect
76%
sprinkler
76%
boys
75%
funny,
75%
play
75%
Something
75%
something
75%
weren't
75%
jokes
74%
like
74%
cool
73%
gave
73%
gonna
73%
I'd
73%
out
73%
voice,
73%
all
72%
burned
72%
could
72%
one
72%
smoking
72%
bridges
71%
dreams
71%
learn
71%
never
71%
notice
71%
pages
71%
they
71%
who
71%
aren't
70%
better
70%
can't
70%
cared
70%
getting
70%
looked
70%
search
70%
around
69%
'Cause
69%
friendship
69%
gown
69%
loves
69%
moment
69%
okay,
69%
town,
69%
bodies
67%
days
67%
patiently,
67%
rare
67%
soaked
67%
waited
67%
ages
66%
Daisy
66%
got
66%
petals,
66%
saw
66%
bracelets
65%
May
65%
phone
65%
afraid
64%
Anyway
64%
is
64%
long,
64%
step
64%
taste
64%
There's
64%
yearning
64%
great
63%
reason
63%
stays
63%
if
62%
parking
62%
picked
62%
taxi
62%
touch
62%
escape
61%
room
61%
turned
61%
didn't
60%
lot
60%
You've
60%
choose
58%
I'll
57%
run
57%
Everything
56%
lose
55%
songs
55%
called
54%
different
53%
Yeah,
53%
writing
49%
bloomed,
46%
No matching quizzes found
Score Distribution
Percent of People with Each Score
Percentile by Number Answered
Your Score History
You have not taken this quiz